The Quest for Sir Arthur Conan Doyle : thirteen biographers in search of a life /

Bibliographic Details
Other Authors: Lellenberg, Jon L.
Format: Book
Language:English
Published: Carbondale : Southern Illinois University Press, [1987]
Subjects:

MARC

Tag First Indicator Second Indicator Subfields
LEADER 00000cam a22000008a 4500
001 in00000008092
005 20151002070135.0
008 870325s1987 iluc b s00100beng
010 |a  87009529  
020 |a 0809313847 
035 |a (OCoLC)15520361 
035 |9 AAA0447AM 
040 |a DLC  |c DLC  |d m/c  |d TXA  |d UtOrBLW 
050 0 0 |a PR4623  |b .Q47 1987 
082 0 |a 823/.8  |a B  |2 19 
245 0 4 |a The Quest for Sir Arthur Conan Doyle :  |b thirteen biographers in search of a life /  |c edited by Jon L. Lellenberg ; with a foreword by Dame Jean Conan Doyle. 
263 |a 8710 
264 1 |a Carbondale :  |b Southern Illinois University Press,  |c [1987] 
264 4 |c ©1987 
300 |a xviii, 217 pages :  |b portraits 
336 |a text  |b txt  |2 rdacontent 
337 |a unmediated  |b n  |2 rdamedia 
338 |a volume  |b nc  |2 rdacarrier 
504 |a Includes bibliographical references and index. 
600 1 0 |a Doyle, Arthur Conan,  |d 1859-1930. 
650 0 |a Authors, English  |y 19th century  |v Biography  |x History and criticism. 
700 1 |a Lellenberg, Jon L. 
999 |a MARS 
999 f f |s 79f54e00-db31-338a-af39-e017e31f218d  |i 2efa8021-af3c-37a3-8815-88dab937341c  |t 0 
952 f f |p normal  |a Texas A&M University  |b College Station  |c Sterling C. Evans Library  |d Evans: Library Stacks  |t 0  |e PR4623 .Q47 1987  |h Library of Congress classification  |i unmediated -- volume  |m A14812563451 
998 f f |a PR4623 .Q47 1987  |t 0  |l Evans: Library Stacks